| 000 -LEADER |
| fixed length control field |
00766cam a22002171 4500 |
| 001 - CONTROL NUMBER |
| control field |
6067 |
| 003 - CONTROL NUMBER IDENTIFIER |
| control field |
BD-DhUAP |
| 005 - DATE AND TIME OF LATEST TRANSACTION |
| control field |
20201212110225.0 |
| 008 - FIXED-LENGTH DATA ELEMENTS--GENERAL INFORMATION |
| fixed length control field |
201203r20061998ii a b 000 0 eng |
| 020 ## - INTERNATIONAL STANDARD BOOK NUMBER |
| International Standard Book Number |
8123902786 |
| 040 ## - CATALOGING SOURCE |
| Original cataloging agency |
DLC |
| Transcribing agency |
MBNU |
| Modifying agency |
OCoLC |
| -- |
KyLoU-H |
| -- |
Uk |
| -- |
OCoLC |
| -- |
BD-DhUAP |
| Language of cataloging |
eng |
| 082 ## - DEWEY DECIMAL CLASSIFICATION NUMBER |
| Classification number |
615.321 ALI |
| Edition number |
23 |
| 100 ## - MAIN ENTRY--PERSONAL NAME |
| Personal name |
Ali, Mohammed. |
| 245 10 - TITLE STATEMENT |
| Title |
Text book of pharmacognosy : |
| Remainder of title |
(according to new syllabus as prescribed by P. C. I. in education regulation-1991, implemented in the year-1993) / |
| Statement of responsibility, etc. |
Mohammed Ali. |
| 250 ## - EDITION STATEMENT |
| Edition statement |
2nd ed. |
| 260 ## - PUBLICATION, DISTRIBUTION, ETC. |
| Place of publication, distribution, etc. |
New Delhi : |
| Name of publisher, distributor, etc. |
CBS, |
| Date of publication, distribution, etc. |
c1998 [Reprinted 2006]. |
| 300 ## - PHYSICAL DESCRIPTION |
| Extent |
v, 518 pages : |
| Other physical details |
illustrations ; |
| Dimensions |
22 cm. |
| 504 ## - BIBLIOGRAPHY, ETC. NOTE |
| Bibliography, etc. note |
Includes bibliographical references and indexes. |
| 650 #0 - SUBJECT ADDED ENTRY--TOPICAL TERM |
| Topical term or geographic name entry element |
Pharmacognosy. |
| 942 ## - ADDED ENTRY ELEMENTS (KOHA) |
| Source of classification or shelving scheme |
|
| Koha item type |
Book |